| 000 | 00449cam a2200169ua 4500 | ||
|---|---|---|---|
| 001 | 5856 | ||
| 008 | 131024n ii |||gr||||Z||||||eng | ||
| 040 | _cMAIN | ||
| 082 | _a934 | ||
| 245 | 1 | 1 |
_aIndia of The Age of The Brahmanas _cBy Jogiraj Basu |
| 260 |
_aCalcutta: _bSanskrit Pustak Bhandar, _c1969. |
||
| 300 | _axxxvii,293p. | ||
| 653 | _aHistory | ||
| 653 | _aIndia of The Age of The Brahmanas | ||
| 700 | 1 |
_aBasu,Jogiraj, _eAuthor. |
|
| 942 | _cBK | ||
| 999 |
_c5010 _d5010 |
||